ਰਿਸਤਿਆਂ ਦੇ ਤਾਸੀਰ : (Record no. 110100)

MARC details
000 -LEADER
fixed length control field 01011nam a22002537a 4500
005 - DATE AND TIME OF LATEST TRANSACTION
control field 20170123164147.0
010 ## - LIBRARY OF CONGRESS CONTROL NUMBER
LC control number B-124558
020 ## - INTERNATIONAL STANDARD BOOK NUMBER
Terms of availability 125.00
International Standard Book Number 8178832143
035 ## - SYSTEM CONTROL NUMBER
System control number B-124558
037 ## - SOURCE OF ACQUISITION
Source of stock number/acquisition Cen Lib/Ret
040 ## - CATALOGING SOURCE
Original cataloging agency DPL
Language of cataloging PN
082 ## - DEWEY DECIMAL CLASSIFICATION NUMBER
Classification number
Item number ਥਿੰਦਗੁ
100 ## - MAIN ENTRY--PERSONAL NAME
Personal name ਥਿੰਦ, ਗੁਰਚਰਨ ਕੌਰ
9 (RLIN) 54275
245 ## - TITLE STATEMENT
Title ਰਿਸਤਿਆਂ ਦੇ ਤਾਸੀਰ :
Statement of responsibility, etc ਗੁਰਚਰਨ ਕੌਰ ਥਿੰਦ
Remainder of title ਕਹਾਨੀ ਸੰਗ੍ਰਹਿ /
246 ## - VARYING FORM OF TITLE
Title proper/short title Rishteyan de taseer : short stories /
Remainder of title by Gurcharan Kaur Thind
260 ## - PUBLICATION, DISTRIBUTION, ETC. (IMPRINT)
Place of publication, distribution, etc ਲੁਧਿਆਣਾ
Name of publisher, distributor, etc ਚੇਤਨਾ ਪ੍ਰਕਾਸ਼ਨ
Date of publication, distribution, etc 2005
270 ## - ADDRESS
Address ਪੰਜਾਬੀ ਭਵਨ
City ਲੁਧਿਆਣਾ
300 ## - PHYSICAL DESCRIPTION
Extent 126p ;
Dimensions 20cm
650 ## - SUBJECT ADDED ENTRY--TOPICAL TERM
Topical term or geographic name as entry element ਪੰਜਾਬੀ-- ਕਹਾਣੀ
9 (RLIN) 133799
650 ## - SUBJECT ADDED ENTRY--TOPICAL TERM
Topical term or geographic name as entry element ਸਾਹਿਤ -- ਪੰਜਾਬੀ
9 (RLIN) 133800
650 ## - SUBJECT ADDED ENTRY--TOPICAL TERM
Topical term or geographic name as entry element literature -- Punjabi
9 (RLIN) 133801
650 ## - SUBJECT ADDED ENTRY--TOPICAL TERM
Topical term or geographic name as entry element Punjabi -- story
9 (RLIN) 133802
942 ## - ADDED ENTRY ELEMENTS (KOHA)
Source of classification or shelving scheme Dewey Decimal Classification
Koha item type Punjabi Bks
Classification part
Call number suffix ਥਿੰਦਗੁ
Holdings
Withdrawn status Lost status Damaged status Not for loan Home library Current library Date acquired Source of acquisition Cost, normal purchase price Total Checkouts Full call number Barcode Date last seen Date checked out Copy number Cost, replacement price Price effective from Koha item type
        Central Library Central Library 13/01/2016 Cen Lib/Ret 125.00 1 ਕ ਥਿੰਦਗੁ B-124558 30/01/2019 17/01/2019 1 125.00 13/01/2016 Punjabi Bks

© Delhi Public Library
Hit Counter
free hit counter